000 00446nab a2200145Ia 4500
003 ES-SlBCS
005 20210601132729.0
008 140529s1962 xxu||||| |||| 00| 0 ita d
041 _aita
100 1 _aPolato, Franco
_9198350
245 0 0 _aLe significato della storia nel pensiero di Renato Lazzarini
_c Franco Polato
600 1 4 _aLazzarini, Renato
_962593
773 0 _tFilosofia
_gvol. 13, nº. 4, 1962, págs. 643-658
_wRev1488
942 _cAR
999 _c584814
_d584814